000 01060nam a2200265 a 4500
999 _c472165
_d472165
003 BLK
005 20250129142640.0
008 180411b bul|||||r ||||||| ||bul||
020 _a9789542839576
040 _aBLK
041 _aBUL
_cBUL
080 _aАнглийска литература
_b821.111
_x-312.6
_z821.111-312.6
100 _aДенисън, Матю
_eпърви автор
_9480161
139 _aДенисън, Матю
_bД 43
245 1 0 _aКралицата
_cМатю Денисън ; прев. от англ. Елена Филипова ; худож. кор. Дамян Дамянов.
260 _bСиела Норма
_c2022
_aСофия
_9217021
_n978-954-28-
300 _a616 с.
_c23 см
380 _aX
500 _aОриг. загл.: The Queen / Matthew Dennison.
700 _aФилипова, Елена Иванова
_eпрев. от англ.
_9416820
852 _bП
_c821-31/Д 43 М
942 _cKNG
_n0
_s1
_020
944 _aCR
_c2022-08-31
_k30531
_lЦветелина Шанова
944 _aED
_c2022-10-07
_kКети